Математическое моделирование и управление процессами транспорта реологически сложных вязких сред во внутренних системах: идеи, результаты и перспективы; Проблемы геологии и освоения недр; Т. 2

Détails bibliographiques
Parent link:Проблемы геологии и освоения недр=Problems of Geology and Subsurface Development: труды XXIV Международного симпозиума имени академика М. А. Усова студентов и молодых учёных, посвященного 75-летию Победы в Великой Отечественной войне, Томск, 6-10 апреля 2020 г./ Национальный исследовательский Томский политехнический университет, Инженерная школа природных ресурсов ; гл. ред. А. С. Боев ; под ред. Е. Ю. Пасечник.— , 2020
Т. 2.— 2020.— [С. 543-544]
Auteur principal: Харламов С. Н. Сергей Николаевич
Collectivité auteur: Национальный исследовательский Томский политехнический университет Инженерная школа природных ресурсов Отделение нефтегазового дела
Autres auteurs: Фатьянов Д. С.
Résumé:Заглавие с экрана
Langue:russe
Publié: 2020
Collection:Современные техника и технологии транспортировки и хранения нефти и газа
Моделирование процессов при транспортировке нефти и газа
Sujets:
Accès en ligne:http://earchive.tpu.ru/handle/11683/62818
Format: Électronique Chapitre de livre
KOHA link:https://koha.lib.tpu.ru/cgi-bin/koha/opac-detail.pl?biblionumber=631683

MARC

LEADER 00000naa2a2200000 4500
001 631683
005 20231216151025.0
035 |a (RuTPU)RU\TPU\conf\33384 
035 |a RU\TPU\conf\33383 
090 |a 631683 
100 |a 20200914d2020 k y0rusy50 ca 
101 0 |a rus 
102 |a RU 
105 |a y z 100zy 
135 |a drcn ---uucaa 
181 0 |a i  
182 0 |a b 
200 1 |a Математическое моделирование и управление процессами транспорта реологически сложных вязких сред во внутренних системах: идеи, результаты и перспективы  |f С. Н. Харламов, Д. С. Фатьянов 
203 |a Текст  |c электронный 
225 1 |a Современные техника и технологии транспортировки и хранения нефти и газа 
225 1 |a Моделирование процессов при транспортировке нефти и газа 
300 |a Заглавие с экрана 
320 |a [Библиогр.: с. 544 (4 назв.)] 
461 1 |0 (RuTPU)RU\TPU\conf\32983  |t Проблемы геологии и освоения недр  |l Problems of Geology and Subsurface Development  |o труды XXIV Международного симпозиума имени академика М. А. Усова студентов и молодых учёных, посвященного 75-летию Победы в Великой Отечественной войне, Томск, 6-10 апреля 2020 г.  |o в 2 т.  |f Национальный исследовательский Томский политехнический университет, Инженерная школа природных ресурсов ; гл. ред. А. С. Боев ; под ред. Е. Ю. Пасечник  |d 2020 
463 1 |0 (RuTPU)RU\TPU\conf\32985  |t Т. 2  |v [С. 543-544]  |d 2020 
610 1 |a труды учёных ТПУ 
610 1 |a электронный ресурс 
610 1 |a математическое моделирование 
610 1 |a управление 
610 1 |a процессы 
610 1 |a транспорт 
610 1 |a вязкие среды 
610 1 |a сложные течения 
610 1 |a внутренние системы 
610 1 |a турбулентность 
700 1 |a Харламов  |b С. Н.  |c специалист в области транспорта и хранения нефти  |c профессор Томского политехнического университета  |f 1957-  |g Сергей Николаевич  |3 (RuTPU)RU\TPU\pers\26140  |9 11969 
701 1 |a Фатьянов  |b Д. С. 
712 0 2 |a Национальный исследовательский Томский политехнический университет  |b Инженерная школа природных ресурсов  |b Отделение нефтегазового дела  |3 (RuTPU)RU\TPU\col\23546 
801 2 |a RU  |b 63413507  |c 20200925  |g RCR 
856 4 |u http://earchive.tpu.ru/handle/11683/62818 
942 |c BK